History of Africa / (Record no. 526)
[ view plain ]
| 000 -LEADER | |
|---|---|
| fixed length control field | 00928cam a2200301 a 4500 |
| 001 - CONTROL NUMBER | |
| control field | 17228430 |
| 003 - CONTROL NUMBER IDENTIFIER | |
| control field | GZU |
| 005 - DATE AND TIME OF LATEST TRANSACTION | |
| control field | 20200904093225.0 |
| 008 - FIXED-LENGTH DATA ELEMENTS--GENERAL INFORMATION | |
| fixed length control field | 120327s2012 enkab b 001 0 eng c |
| 010 ## - LIBRARY OF CONGRESS CONTROL NUMBER | |
| LC control number | 2012012789 |
| 020 ## - INTERNATIONAL STANDARD BOOK NUMBER | |
| International Standard Book Number | 9780230308473 |
| 040 ## - CATALOGING SOURCE | |
| Original cataloging agency | IEN/DLC |
| Transcribing agency | IEN |
| Modifying agency | DLC |
| 042 ## - AUTHENTICATION CODE | |
| Authentication code | pcc |
| 043 ## - GEOGRAPHIC AREA CODE | |
| Geographic area code | f------ |
| 050 00 - LIBRARY OF CONGRESS CALL NUMBER | |
| Classification number | DT20 |
| Item number | SHI 2012 |
| 082 04 - DEWEY DECIMAL CLASSIFICATION NUMBER | |
| Classification number | 960 |
| Edition number | 23 |
| 100 1# - MAIN ENTRY--PERSONAL NAME | |
| Personal name | Shillington, Kevin. |
| 245 10 - TITLE STATEMENT | |
| Title | History of Africa / |
| Statement of responsibility, etc. | Kevin Shillington. |
| 250 ## - EDITION STATEMENT | |
| Edition statement | 3rd ed. |
| 260 ## - PUBLICATION, DISTRIBUTION, ETC. | |
| Place of publication, distribution, etc. | Houndmills, Basingstoke, Hampshire : |
| -- | New York, NY : |
| Name of publisher, distributor, etc. | Palgrave Macmillan, |
| Date of publication, distribution, etc. | 2012. |
| 300 ## - PHYSICAL DESCRIPTION | |
| Extent | xxvi, 502 p. : |
| Other physical details | ill., maps ; |
| Dimensions | 26 cm. |
| 500 ## - GENERAL NOTE | |
| General note | First edition published 1989. |
| 504 ## - BIBLIOGRAPHY, ETC. NOTE | |
| Bibliography, etc. note | Includes bibliographical references and index. |
| 651 #0 - SUBJECT ADDED ENTRY--GEOGRAPHIC NAME | |
| Geographic name | Africa |
| General subdivision | History. |
| 906 ## - LOCAL DATA ELEMENT F, LDF (RLIN) | |
| a | 7 |
| b | cbc |
| c | orignew |
| d | 1 |
| e | ecip |
| f | 20 |
| g | y-gencatlg |
| 942 ## - ADDED ENTRY ELEMENTS (KOHA) | |
| Source of classification or shelving scheme | Library of Congress Classification |
| Koha item type | Books |
| Classification part | 20 |
| Item part | SHI |
| Call number prefix | DT |
| Withdrawn status | Lost status | Damaged status | Not for loan | Collection code | Home library | Current library | Shelving location | Date acquired | Total Checkouts | Full call number | Barcode | Date last seen | Copy number | Price effective from | Koha item type | Source of acquisition | Inventory number |
|---|---|---|---|---|---|---|---|---|---|---|---|---|---|---|---|---|---|
| Non-fiction | City Campus Library | City Campus Library | General Stacks | 09/04/2020 | DT 20 SHI 2012 | 001906 | 09/04/2020 | c.1 | 09/04/2020 | Books | |||||||
| Non-fiction | City Campus Library | City Campus Library | General Stacks | 09/04/2020 | DT 20 SHI 2012 | 001919 | 09/04/2020 | c.2 | 09/04/2020 | Books | |||||||
| Non-fiction | City Campus Library | City Campus Library | General Stacks | 09/04/2020 | DT 20 SHI 2012 | 001905 | 09/04/2020 | c.3 | 09/04/2020 | Books | |||||||
| Non-fiction | City Campus Library | City Campus Library | General Stacks | 09/04/2020 | DT 20 SHI 2012 | 001911 | 09/04/2020 | c.4 | 09/04/2020 | Books | |||||||
| Non-fiction | Mashava Campus Library | Mashava Campus Library | General Stacks | 05/10/2021 | DT20. SHI 2012 | 001908 | 05/10/2021 | C.5 | 05/10/2021 | Books | Purchase | 20222 | |||||
| Non-fiction | Mashava Campus Library | Mashava Campus Library | General Stacks | 05/10/2021 | DT20. SHI 2012 | 001915 | 05/10/2021 | C.6 | 05/10/2021 | Books | Purchase | 20221 | |||||
| Non-fiction | Mashava Campus Library | Mashava Campus Library | General Stacks | 05/10/2021 | DT20. SHI 2012 | 023181 | 05/10/2021 | C.7 | 05/10/2021 | Books | Purchase | 023181 | |||||
| Non-fiction | Mashava Campus Library | Mashava Campus Library | General Stacks | 05/10/2021 | DT20. SHI 2012 | 001904 | 05/10/2021 | C.8 | 05/10/2021 | Books | Purchase | 20215 | |||||
| Non-fiction | Mashava Campus Library | Mashava Campus Library | General Stacks | 05/10/2021 | DT20. SHI 2012 | 001914 | 05/10/2021 | C.9 | 05/10/2021 | Books | Purchase | 20212 | |||||
| Non-fiction | Mashava Campus Library | Mashava Campus Library | General Stacks | 05/10/2021 | DT20. SHI 2012 | 001909 | 05/10/2021 | C.10 | 05/10/2021 | Books | Purchase | 20217 | |||||
| Non-fiction | Mashava Campus Library | Mashava Campus Library | General Stacks | 05/10/2021 | DT20. SHI 2012 | 002300 | 05/10/2021 | C.11 | 05/10/2021 | Books | Purchase | 19685 | |||||
| Non-fiction | Mashava Campus Library | Mashava Campus Library | General Stacks | 05/10/2021 | DT20. SHI 2012 | 001913 | 05/10/2021 | C.12 | 05/10/2021 | Books | Purchase | 20220 | |||||
| Non-fiction | Mashava Campus Library | Mashava Campus Library | General Stacks | 05/10/2021 | DT20. SHI 2012 | 001907 | 05/10/2021 | C.13 | 05/10/2021 | Books | Purchase | 20218 | |||||
| Non-fiction | Mashava Campus Library | Mashava Campus Library | General Stacks | 05/10/2021 | DT20. SHI 2012 | 001916 | 05/10/2021 | C.14 | 05/10/2021 | Books | Purchase | 20223 | |||||
| Non-fiction | Mashava Campus Library | Mashava Campus Library | General Stacks | 05/10/2021 | DT20. SHI 2012 | 002299 | 05/10/2021 | C.15 | 05/10/2021 | Books | Purchase | 19684 | |||||
| Non-fiction | Mashava Campus Library | Mashava Campus Library | General Stacks | 05/10/2021 | DT20. SHI 2012 | 002298 | 05/10/2021 | C.16 | 05/10/2021 | Books | Purchase | 19687 | |||||
| Non-fiction | Mashava Campus Library | Mashava Campus Library | General Stacks | 05/10/2021 | DT20. SHI 2012 | 001912 | 05/10/2021 | C.17 | 05/10/2021 | Books | Purchase | 20219 |